000 00346 a2200157 4500
001 153562
020 _a8501054801
040 _cEscola São Tomás de Aquino
100 _aMACEDO, Joaquim Manuel
240 1 0 _aA moreninha
_lpor
245 1 0 _aA moreninha
300 _a214
362 0 _a1998
697 _aLITERATURA BRASILEIRA
942 _cBK
999 _c153562
_d153562